000 00967cam a2200277 a 4500
001 2107529
005 20240130050009.0
008 960723s1997 nyua b 001 0 eng
020 _a0415150051
020 _a041515006X(pbk.)
040 _aDLC
_cDLC
_dDLC
082 0 0 _a306
_220
245 0 0 _aAfter writing culture :
_bepistemology and praxis in contemporary anthropology /
_cedited by Allison James, Jenny Hockey, and Andrew Dawson.
260 _aNew York :
_bRoutledge,
_c1997.
300 _aix, 273 p. :
490 1 _aASA monographs ;
500 _aBased on papers first presented to the Association of Social Anthropologists Annual Conference 1995, held at Hull University.
650 0 _aEthnology
650 0 _aEthnology
650 0 _aEthnology
700 1 _aDawson, Andrew,
_eedt
700 1 _aHockey, Jennifer Lorna.
_eedt
700 1 _aDawson, Andrew H.
_eedt
856 4 2 _uhttp://www.loc.gov/catdir/enhancements/fy0649/96032469-d.html
942 _cL
999 _c240
_d240